000 00327nam a2200133Ia 4500
008 190216s9999||||xx |||||||||||||| ||und||
100 _a"Dr.H.C.Mehrotra ,dr.s.p.goyal"
245 0 _aIncome Tax Law And Practice
250 _a25th Ed.
260 _bSahithya Bhavan
_c2005
300 _a1130
650 _aCommerce
942 _cBK
999 _c8275
_d8275